Delincuencia y deriva : cómo y por qué algunos jóvenes llegan a quebrantar la ley /
Guardado en:
| Autor Principal: | |
|---|---|
| Otros Autores: | |
| Formato: | Libro |
| Idioma: | Spanish |
| Publicado: |
Buenos Aires :
Siglo XXI,
2014.
|
| Edición: | 1a. ed. |
| Series: | Sociología y política, Serie rumbos teóricos
|
| Materias: | |
| Etiquetas: |
Agregar Etiqueta
Sin Etiquetas, Sea el primero en etiquetar este registro!
|
| LEADER | 00604nam a22001815a 4500 | ||
|---|---|---|---|
| 001 | DER.der013842 | ||
| 008 | 190528s2014####ag############000#0#spa#d | ||
| 005 | 20250715133324.0 | ||
| 245 | 1 | 0 | |a Delincuencia y deriva : |b cómo y por qué algunos jóvenes llegan a quebrantar la ley / |c David Matza. |
| 250 | |a 1a. ed. | ||
| 260 | |a Buenos Aires : |b Siglo XXI, |c 2014. | ||
| 300 | |a 267 p. | ||
| 490 | 1 | |a Sociología y política, Serie rumbos teóricos | |
| 020 | |a 9789876294331 | ||
| 100 | 1 | |a Matza, David. | |
| 700 | 1 | |a Arijón, Teresa Beatriz, |e trad. | |
| 650 | 7 | |a SOCIOLOGIA | |
| 859 | |a DERECHO |b BIB. DERECHO |h 301 |i MAT |p 008923 | ||
